Normal view
MARC view
- Zamora Mola, Francesc
Entry Personal Name
001 - CONTROL NUMBER
- control field: 88489
003 - CONTROL NUMBER IDENTIFIER
- control field: NUST
005 - DATE AND TIME OF LATEST TRANSACTION
- control field: 20220118142732.0
008 - FIXED-LENGTH DATA ELEMENTS
- fixed length control field: 220118|| aca||aabn | a|a d
040 ## - CATALOGING SOURCE
- Original cataloging agency: NUST
- Transcribing agency: NUST
100 ## - HEADING--PERSONAL NAME
- Personal name: Zamora Mola, Francesc
670 ## - SOURCE DATA FOUND
- Source citation: Work cat.: (NUST): Zamora Mola, Francesc, Outside Living:, 2015.
